000 00840nam a2200253Ia 4500
003 GCL
008 140319s9999 xx 000 0 ara d
040 _aGCL /
_cGCL
082 0 4 _a332.1
_bا ا
100 1 _aاحمد على دغيم
245 1 0 _aاقتصاديات البنوك - مع نظام نقدى واقتصادى عالمى جديد /
_cاحمد على دغيم
260 _a[S.N] :
_bمكتبة مدبولى ،
_c1989
300 _a245 ص
490 _a
650 0 4 _aالاقتصاد
650 0 4 _aالاجتماع
650 0 4 _aالبنوك الاسلامية
650 0 4 _aالبنوك
650 0 4 _aالبنوك التجارية
650 0 4 _aالاجتماع الاقتصادى
650 0 4 _aبنوك التنمية الصناعية
650 0 4 _aبنوك التنمية العقارية
942 _2ddc
_cBK
999 _c58663
_d58663